| 000 | 01801nam a2200253Ia 4500 | ||
|---|---|---|---|
| 999 |
_c52745 _d52745 |
||
| 001 | 19771 | ||
| 003 | GE_BSU | ||
| 005 | 20200421231444.0 | ||
| 008 | 181216s1991||||ge |||||||||||||| ||geo|| | ||
| 020 | _aISBN 5-520-01075-7 | ||
| 040 | _cGE_BSU | ||
| 041 | _ageo | ||
| 080 | _a81'374(038)=353.1'367 გ-61 | ||
| 100 |
_aგოგოლაშვილი, გიორგი _92128 |
||
| 245 |
_aქართული ენის სახელზმნური ფუძეების ლექსიკონი : _bმასალები ქართული ენის სისტემატური კურსისათვის / _c გიორგი გოგოლაშვილი, ციცინო კვანტალიანი, დალი შენგელია ; სარედ. კოლ. : ქეთევან ლომთათიძე (მთ. რედ.), თ. უთურგაიძე, ბ. ჯორბენაძე. ; |
||
| 264 |
_aთბილისი : _bმეცნიერება, _c1991. |
||
| 300 |
_a408 გვ. ; _c26 სმ. |
||
| 653 | _aქართული ენა | ||
| 653 | _aქართული ენის სახელზმნური ფუძეების ლექსიკონი | ||
| 700 |
_a ლომთათიძე, ქეთევან _eმთავარი რედაქტორი _97948 |
||
| 710 |
_aსაქართველოს მეცნიერებათა აკადემია _97949 |
||
| 710 |
_aქართული ენათმეცნიერების ინსტიტუტი _97950 |
||
| 942 |
_cBK _2udc |
||